|
|
|
|
| LEADER |
00000nab#a22000007a#4500 |
| 001 |
arbauad015703 |
| 003 |
AR-BaUAD |
| 005 |
20250711111444.0 |
| 008 |
951128|||||||||###||||||b###|0###a|spa|| |
| 040 |
|
|
|a AR-BaUAD
|c AR-BaUAD
|b spa
|
| 245 |
1 |
0 |
|a Teatro Argentino de la Plata
|
| 300 |
0 |
|
|b axonom., cortes, croquis, fot., gráf., planos, plantas
|
| 653 |
|
|
|a BARES, ENRIQUE
|
| 653 |
|
|
|a GARCIA, TOMAS
|
| 653 |
|
|
|a GERMANI, ROBERTO
|
| 653 |
|
|
|a SBARRA, ALBERTO
|
| 653 |
|
|
|a UCAR, CARLOS
|
| 653 |
|
|
|a TEATROS
|
| 653 |
|
|
|a LA PLATA
|
| 653 |
|
|
|a BUENOS AIRES, PROVINCIA
|
| 653 |
|
|
|a TEATRO ARGENTINO
|
| 773 |
0 |
|
|t AMBIENTE
|g no. 18 [dic. 1979], p. 77-79
|
| 942 |
|
|
|c ARTI
|
| 952 |
|
|
|0 0
|1 0
|4 0
|7 0
|9 60623
|a AR-BAuAD
|b AR-BAuAD
|d 2025-07-11
|l 0
|p AAQA015703
|r 2025-07-11 11:14:44
|w 2025-07-11
|y ARTI
|
| 990 |
|
|
|a AQ197
|b TD
|
| 998 |
|
|
|a AAQ
|b BIBUN76
|
| 999 |
|
|
|c 40296
|d 40296
|